[Event "EU-ch Online U18 Girls"]
[Site "Tornelo INT"]
[Date "2020.09.19"]
[Round "6"]
[White "Alekseenko, Yuliya"]
[Black "Mkrtchyan, Anahit D"]
[Result "1-0"]
[WhiteElo "1880"]
[BlackElo "1801"]
[PlyCount "117"]
[EventDate "2020.09.18"]
[EventType "swiss (rapid)"]
[EventRounds "9"]
[EventCountry "ENG"]
[SourceTitle "CBM 198 Extra"]
[Source "ChessBase"]
[SourceDate "2020.11.30"]
[SourceVersion "1"]
[SourceVersionDate "2020.11.30"]
[SourceQuality "1"]

1. d4 d5 2. c4 dxc4 3. e4 e5 4. Nf3 exd4 5. Bxc4 Nc6 6. 0-0 Bc5 7. Ng5 Ne5 8. Nxf7 Nxf7 9. Bxf7+ Kxf7 10. Qh5+ g6 11. Qxc5 Nf6 12. f3 b6 13. Qc6 Be6 14. Bf4 Rc8 15. Rd1 Re8 16. Be5 d3 17. Qc3 Nd7 18. Rxd3 Qe7 19. Bd4 c5 20. Bf2 c4 21. Rd1 Nc5 22. Nd2 Nd3 23. Be3 b5 24. b3 Qa3 25. Nb1 Qb4 26. Rxd3 Qxc3 27. Rxc3 b4 28. Rc1 c3 29. Bxa7 Red8 30. Be3 Rd3 31. Kf2 c2 32. Nd2 Rcc3 33. Nf1 Bd7 34. Bd2 Rc7 35. Bxb4 Bb5 36. Ne3 Rd4 37. Rxc2 Rcd7 38. a3 Rd3 39. Rac1 Rxb3 40. Rc7 Rb2+ 41. Kg3 Re2 42. Rxd7+ Bxd7 43. Nd5 h5 44. Rc7 h4+ 45. Kf4 g5+ 46. Ke5 Rxg2 47. Rxd7+ Kg6 48. Ne7+ Kh5 49. Nf5 Rxh2 50. Rh7+ Kg6 51. Rh6+ Kf7 52. Rf6+ Kg8 53. Rg6+ Kh7 54. Rxg5 h3 55. Kf6 Rg2 56. Rh5+ Kg8 57. Ne7+ Kf8 58. Rh8+ Rg8 59. Rxg8# 1-0

[Event "EU-ch Online U18 Girls"]
[Site "Tornelo INT"]
[Date "2020.09.18"]
[Round "2"]
[White "Alekseenko, Yuliya"]
[Black "Taragelova, Martina"]
[Result "1-0"]
[WhiteElo "1880"]
[BlackElo "2010"]
[PlyCount "123"]
[EventDate "2020.09.18"]
[EventType "swiss (rapid)"]
[EventRounds "9"]
[EventCountry "ENG"]
[SourceTitle "CBM 198 Extra"]
[Source "ChessBase"]
[SourceDate "2020.11.30"]
[SourceVersion "1"]
[SourceVersionDate "2020.11.30"]
[SourceQuality "1"]

1. d4 d5 2. c4 c6 3. Nc3 Nf6 4. e3 e6 5. Nf3 Nbd7 6. Qc2 Bd6 7. e4 dxe4 8. Nxe4 Nxe4 9. Qxe4 Nf6 10. Qc2 0-0 11. a3 Re8 12. Bd3 e5 13. dxe5 Bxe5 14. 0-0 Qc7 15. h3 Bd7 16. Bd2 Bf4 17. Bc3 h6 18. Bxf6 gxf6 19. Bf5 Be6 20. Rfe1 Rad8 21. Bxe6 fxe6 22. c5 f5 23. Qc4 Kf7 24. Re2 Rd5 25. Rae1 Bg5 26. Ne5+ Kf6 27. h4 Bd2 28. Rxd2 Rxd2 29. Qc3 Rd5 30. Nxc6+ e5 31. Nb4 Rxc5 32. Nd5+ Kf7 33. Nxc7 Rxc3 34. bxc3 Rc8 35. Nd5 Ke6 36. Nf4+ Kf6 37. Ne2 Rc6 38. Rb1 b6 39. g3 Rc4 40. f3 Ke6 41. Kf2 Ra4 42. Rb3 Kd5 43. Ke3 Ra5 44. Kd3 Ra4 45. Rb5+ Ke6 46. Rb3 Kd5 47. f4 e4+ 48. Kc2 Ra5 49. Nd4 Kd6 50. Nb5+ Kc5 51. Nd4 Kd6 52. Rb5 Rxa3 53. Rxf5 Ra2+ 54. Kb3 Rg2 55. Re5 Kd7 56. Nf5 Re2 57. Nxh6 e3 58. Ng4 Re1 59. Nxe3 a5 60. Kc4 a4 61. Rd5+ Kc6 62. Nc2 1-0

[Event "UKR-ch U14 Girls"]
[Site "Chernivtsi"]
[Date "2017.02.03"]
[Round "3"]
[White "Kolosan, Ulyana"]
[Black "Alekseenko, Yuliya"]
[Result "1-0"]
[WhiteElo "1623"]
[BlackElo "1762"]
[PlyCount "59"]
[EventDate "2017.02.01"]
[EventType "tourn"]
[EventRounds "11"]
[EventCountry "UKR"]
[SourceTitle "CBM 176 Extra"]
[Source "ChessBase"]
[SourceDate "2017.03.02"]
[SourceVersion "1"]
[SourceVersionDate "2017.03.02"]
[SourceQuality "1"]

1. e4 c5 2. Nf3 e6 3. g3 Nc6 4. Bg2 d5 5. exd5 exd5 6. d4 c4 7. 0-0 Be7 8. b3 cxb3 9. axb3 Nf6 10. Nc3 Bf5 11. Nh4 Bg4 12. f3 Be6 13. f4 Bb4 14. Bb2 Ne7 15. Qe2 0-0 16. Qb5 Bxc3 17. Bxc3 Qc7 18. Bb4 Rfe8 19. Bxe7 Rxe7 20. Qd3 Bg4 21. Rfe1 Rae8 22. Re5 Be2 23. Qxe2 Ne4 24. Bxe4 dxe4 25. Qxe4 Rxe5 26. fxe5 f6 27. e6 Qd6 28. Nf5 Qb6 29. e7 g6 30. Qd5+ 1-0

[Event "UKR-ch U14 Girls"]
[Site "Chernivtsi"]
[Date "2017.02.02"]
[Round "2"]
[White "Alekseenko, Yuliya"]
[Black "Berdnyk, Mariia"]
[Result "0-1"]
[WhiteElo "1762"]
[BlackElo "2190"]
[PlyCount "144"]
[EventDate "2017.02.01"]
[EventType "tourn"]
[EventRounds "11"]
[EventCountry "UKR"]
[SourceTitle "CBM 176 Extra"]
[Source "ChessBase"]
[SourceDate "2017.03.02"]
[SourceVersion "1"]
[SourceVersionDate "2017.03.02"]
[SourceQuality "1"]

1. d4 Nf6 2. c4 e6 3. Nc3 Bb4 4. Qc2 d5 5. a3 Bxc3+ 6. Qxc3 0-0 7. Bf4 Nbd7 8. e3 b6 9. Nf3 c5 10. b3 Bb7 11. Be2 Rc8 12. 0-0 Qe7 13. Rfc1 Rfe8 14. Qb2 cxd4 15. exd4 Ne4 16. Bd3 Qf6 17. Be3 dxc4 18. bxc4 Nec5 19. Be2 Bxf3 20. gxf3 Qg6+ 21. Kh1 Nd3 22. Bxd3 Qxd3 23. Qc2 Qxc2 24. Rxc2 Nf6 25. Rac1 Rc6 26. Kg2 Rec8 27. Kf1 b5 28. c5 Nd5 29. Rb2 a6 30. f4 f6 31. Ke2 Kf7 32. Kf3 e5 33. Ke4 exd4 34. Kxd5 dxe3 35. fxe3 Re6 36. c6 Rd8+ 37. Kc5 Rxc6+ 38. Kxc6 Rc8+ 39. Kb6 Rxc1 40. Ra2 f5 41. Kxa6 Rb1 42. Rc2 Rb3 43. Rc5 Rxa3+ 44. Kxb5 Rxe3 45. Rxf5+ Kg6 46. Rg5+ Kf6 47. Kc5 Rf3 48. Rg4 h5 49. Rh4 g6 50. Kd5 Kf5 51. Kd6 Rxf4 52. Rh3 h4 53. Rc3 Rd4+ 54. Ke7 g5 55. Rc5+ Kf4 56. Ke6 Ra4 57. Rf5+ Kg4 58. Rf2 h3 59. Ke5 Rb4 60. Rd2 Kh4 61. Kf5 Kh5 62. Rd3 Rf4+ 63. Ke5 Kh4 64. Rd2 Rg4 65. Rd8 Rg2 66. Kf5 Rf2+ 67. Ke4 Rxh2 68. Kf3 g4+ 69. Kf4 Rf2+ 70. Ke3 Kg3 71. Rd1 Rf3+ 72. Ke2 Kg2 0-1